Modelling Technical and Economic Parameters in Selection of Manufacturing Devices
Udržateľnosť vedy a technologického vývoja sú podmienené kontinuitou vývoja výrobných prostriedkov. Tie zohrávajú kľúčovú úlohu v štruktúre každého výrobného systému. Mechanická povaha výrobných prostriedkov je doplnená ovládacími a elektronickými zariadeniami v kontexte inteligentného priemyslu. V...
Salvato in:
| Autore principale: | |
|---|---|
| Altri autori: | , , |
| Natura: | Capitolo di libro |
| Lingua: | inglese |
| Soggetti: | |
| Tags: |
Nessun Tag, puoi essere il primo ad aggiungerne!!
|
MARC
| LEADER | 00000naa a2200000 4500 | ||
|---|---|---|---|
| 001 | 0238448 | ||
| 005 | 20240502083637.9 | ||
| 041 | 0 | |a eng | |
| 044 | |a RS | ||
| 245 | 1 | 0 | |a Modelling Technical and Economic Parameters in Selection of Manufacturing Devices |c Naqib Daneshjo, Milan Majerník, Jana Krivosudská, Enayat Danishjoo |
| 520 | |a Udržateľnosť vedy a technologického vývoja sú podmienené kontinuitou vývoja výrobných prostriedkov. Tie zohrávajú kľúčovú úlohu v štruktúre každého výrobného systému. Mechanická povaha výrobných prostriedkov je doplnená ovládacími a elektronickými zariadeniami v kontexte inteligentného priemyslu. Výber výrobných zariadení pre technologický proces, alebo technologický projekt bol dosiaľ prakticky riešený často len intuitívne. So zreteľom na zvyšovanie inteligencie, počet premenných parametrov, ktoré boli zohľadnené pri výbere výrobných zariadení, sa tak zvyšuje. Pri výbere je treba používať výpočtové techniky, rozhodovacie metódy podľa heuristických metód a ďalšie presné metodologické postupy. Prezentácia inovatívneho modelu pre optimalizáciu technických a ekonomických parametrov v roku 2009 a výber výrobných zariadení pre priemysel 4.0. | ||
| 610 | 2 | 0 | |a zariadenia výrobné |
| 610 | 2 | 0 | |a modelovanie |
| 610 | 2 | 0 | |a priemysel 4.0 |
| 610 | 2 | 0 | |a parametre ekonomické |
| 610 | 2 | 0 | |a parametre technické |
| 100 | 1 | |a Daneshjo, Naqibullah, 1964- | |
| 700 | 1 | |a Majerník, Milan, 1952- | |
| 700 | 1 | |a Krivosudská, Jana | |
| 700 | 1 | |a Danishjoo, Enayat | |